| 000 -ლიდერი |
| ფიქსირებული სიგრძის საკონტროლო ველი |
01359nam a2200265Ia 4500 |
| 001 - საკონტროლო ნომერი |
| საკონტროლო ველი |
15483 |
| 003 - საკონტროლო ნომრის იდენტიფიკატორი |
| საკონტროლო ველი |
GE_BSU |
| 005 - ბოლო ოპერაციის თარიღი და დრო |
| საკონტროლო ველი |
20241128132654.0 |
| 008 - ფიქსირებული სიგრძის მონაცემთა ელემენტები - ზოგადი ინფორმაცია |
| ფიქსირებული სიგრძის საკონტროლო ველი |
181216s2015||||ge |||||||||||||| ||geo|| |
| 020 ## - წიგნის საერთაშორისო სტანდარტული ნომერი |
| International Standard Book Number |
ISBN 9789941941160 |
| 040 ## - კატალოგიზაციის წყარო |
| Transcribing agency |
GE_BSU |
| 041 ## - ენის კოდი |
| Language code of text/sound track or separate title |
geo |
| 080 ## - უნივერსალური ათობითი კლასიფიკაციის ინდექსი |
| Universal Decimal Classification number |
821.353.1-82 ფ-55 |
| 245 ## - ცნობა სათაურის შესახებ |
| Title |
ფილოლოგიის მაცნე II / |
| Statement of responsibility, etc |
რედ. : რამაზ ხალვაში, ტომის რედ. : ნანა ცეცხლაძე. |
| 264 ## - წარმოების, გამოცემის, დისტრიბუციის და სხვა ცნობები |
| გამოცემის, წარმოების, დისტრიბუციის... ადგილი |
თბილისი : |
| გამოცემის, წარმოების, დისტრიბუციის... სახელწოდება |
ივერიონი, |
| გამოცემის, წარმოების, დისტრიბუციის... თარიღი |
2015. |
| 300 ## - ფიზიკური აღწერა |
| Extent |
248 გვ. : |
| Dimensions |
21 სმ. |
| 653 ## - INDEX TERM--UNCONTROLLED |
| Uncontrolled term |
ენათმეცნიერება |
| 653 ## - INDEX TERM--UNCONTROLLED |
| Uncontrolled term |
ქართული ლიტერატურის ისტორია, |
| 653 ## - INDEX TERM--UNCONTROLLED |
| Uncontrolled term |
ლიტერატურათმცოდნეობა |
| 653 ## - INDEX TERM--UNCONTROLLED |
| Uncontrolled term |
ფილოლოგიის მაცნე |
| 700 ## - ADDED ENTRY--PERSONAL NAME |
| Personal name |
ხალვაში, რამაზ |
| Relator term |
რედაქტორი |
| 9 (RLIN) |
23810 |
| 700 ## - ADDED ENTRY--PERSONAL NAME |
| Personal name |
ცეცხლაძე, ნანა |
| Relator term |
ტომის რედაქტორი |
| 9 (RLIN) |
4739 |
| 710 ## - ADDED ENTRY--CORPORATE NAME |
| Corporate name or jurisdiction name as entry element |
ბათუმის შოთა რუსთაველის სახელმწიფო უნივერსიტეტი |
| Subordinate unit |
ქართული ფილოლოგიის დეპარტამენტი |
| 9 (RLIN) |
4743 |
| 942 ## - ADDED ENTRY ELEMENTS (KOHA) |
| Koha item type |
წიგნი |
| Source of classification or shelving scheme |
|